01169cam a2200265 a 450000100100000000500170001000800410002702000150006804000250008308200180010810000470012624501250017326000460029830000280034450000730037250400280044558600430047365000410051665000280055765000290058570000340061495201160064895201220076499900170088600001163220200929162517.0020918s2002 ck a b 001 0 spa c a9588159342 aDO-SdBNPbspacBNPHU a641.23bC169c1 aCalvo Isaza, Óscar Iván.d1976-92754813aLa ciudad en cuarentena :bchicha, patología social y profilaxis /cÓscar Iván Calva Isaza, Martha Saade Granados. aBogotá :bMinisteria de Cultura,c2002. a436 p. :bil. ;c21 cm. aIncluye referencias bibliográficas y notas al pie de las páginas aBibliográfia : p. 429 aPremio departamentales de cultura 1998 4aBebidas alcoholicaszColombia927549 4aChichazColombia927550 4aCervezazColombia9275511 aSaade Granados, Marta.927552 001050718MOaGRbGRcHDd2009-10-21iLF1l0o641.23 C169cp11632-10r2020-06-25w2020-06-25y1ZNo se presta 001150718MOaGRbGRcMId2017-06-06iLF1l0o641.23 C169cp11632-20r2020-06-25te. 2w2020-06-25y1ZNo se presta c11325d11325